[Event "EYCC 2024 - O10"]
[Site "?"]
[Date "2024.08.29"]
[Round "7.1"]
[White "Llari, Marc"]
[Black "Uzdemir, Ali Poyraz"]
[Result "0-1"]
[BlackElo "2008"]
[WhiteElo "2224"]
[LiveChessVersion "1.4.8"]

1. e4 {[%clk 1:30:58]} c5 {[%clk 1:30:49]} 2. Nf3 {[%clk 1:31:24]} d6
{[%clk 1:30:58]} 3. Nc3 {[%clk 1:31:48]} Nf6 {[%clk 1:31:19]} 4. e5
{[%clk 1:32:12]} dxe5 {[%clk 1:29:45]} 5. Nxe5 {[%clk 1:32:40]} Nbd7
{[%clk 1:26:43]} 6. d4 {[%clk 1:31:38]} e6 {[%clk 1:10:36]} 7. Bf4
{[%clk 1:29:15]} Nxe5 {[%clk 1:01:39]} 8. Bxe5 {[%clk 1:28:04]} Bd7
{[%clk 0:44:05]} 9. Qf3 {[%clk 1:14:06]} Bc6 {[%clk 0:30:37]} 10. Bb5
{[%clk 1:13:58]} Qd7 {[%clk 0:25:06]} 11. Bxc6 {[%clk 1:13:53]} Qxc6
{[%clk 0:25:16]} 12. Qxc6+ {[%clk 1:10:40]} bxc6 {[%clk 0:25:09]} 13. O-O-O
{[%clk 1:09:47]} c4 {[%clk 0:19:52]} 14. Bxf6 {[%clk 1:07:59]} gxf6
{[%clk 0:20:18]} 15. Rhe1 {[%clk 1:07:55]} O-O-O {[%clk 0:19:36]} 16. g3
{[%clk 1:03:29]} h5 {[%clk 0:17:01]} 17. h4 {[%clk 1:03:28]} Rg8 {[%clk 0:17:08]}
18. Ne4 {[%clk 1:01:53]} Be7 {[%clk 0:13:15]} 19. f4 {[%clk 1:00:58]} Rg4
{[%clk 0:12:27]} 20. Re3 {[%clk 1:01:26]} f5 {[%clk 0:12:34]} 21. Nf2
{[%clk 1:01:22]} Rg6 {[%clk 0:11:08]} 22. Nh1 {[%clk 1:00:55]} Bf6
{[%clk 0:07:13]} 23. c3 {[%clk 1:00:31]} Kc7 {[%clk 0:06:48]} 24. Kc2
{[%clk 1:00:41]} Rd5 {[%clk 0:05:34]} 25. b3 {[%clk 0:59:38]} Ra5
{[%clk 0:05:00]} 26. Kb2 {[%clk 0:59:37]} Rg8 {[%clk 0:04:11]} 27. bxc4
{[%clk 0:59:12]} Rb8+ {[%clk 0:04:29]} 28. Ka1 {[%clk 0:59:33]} c5
{[%clk 0:04:39]} 29. Red3 {[%clk 0:54:31]} Ra3 {[%clk 0:03:47]} 30. Nf2
{[%clk 0:52:48]} Rbb3 {[%clk 0:03:42]} 31. Rc1 {[%clk 0:53:00]} cxd4
{[%clk 0:03:41]} 32. Rc2 {[%clk 0:52:35]} Kc6 {[%clk 0:01:43]} 33. Nd1
{[%clk 0:52:45]} dxc3 {[%clk 0:00:53]} 34. c5 {[%clk 0:52:42]} Kxc5
{[%clk 0:00:50]} 35. Rd7 {[%clk 0:53:01]} Bd4 {[%clk 0:00:38]} 36. Nf2
{[%clk 0:51:04]} Rb5 {[%clk 0:00:35]} 37. Nd3+ {[%clk 0:50:37]} Kc4
{[%clk 0:00:58]} 38. Ne1 {[%clk 0:50:45]} Rb2 {[%clk 0:00:37]} 39. Rc7+
{[%clk 0:50:18]} Kd5 {[%clk 0:00:57]} 40. Rxb2 {[%clk 0:48:51]} cxb2+
{[%clk 0:01:24]} 41. Kb1 {[%clk 0:49:15]} Rxg3 {[%clk 0:01:49]} 42. Rc2
{[%clk 0:49:16]} Rg1 {[%clk 0:02:12]} 43. Re2 {[%clk 0:49:43]} Bc3
{[%clk 0:02:36]} 44. Kc2 {[%clk 0:50:09]} Rxe1 {[%clk 0:03:01]} 45. Rxe1
{[%clk 0:50:36]} Bxe1 {[%clk 0:03:27]} 0-1

[Event "EYCC 2024 - O10"]
[Site "?"]
[Date "2024.08.29"]
[Round "7.2"]
[White "Li, Yunqi"]
[Black "Wu, Chenshan"]
[Result "1/2-1/2"]
[BlackElo "1976"]
[WhiteElo "1968"]
[LiveChessVersion "1.4.8"]

1. d4 {[%clk 1:30:55]} Nf6 {[%clk 1:30:55]} 2. Nf3 {[%clk 1:31:14]} g6
{[%clk 1:28:32]} 3. Bg5 {[%clk 1:31:33]} Bg7 {[%clk 1:28:44]} 4. Nbd2
{[%clk 1:31:52]} O-O {[%clk 1:28:16]} 5. c3 {[%clk 1:32:15]} d6 {[%clk 1:27:18]}
6. e4 {[%clk 1:32:16]} Nbd7 {[%clk 1:26:54]} 7. Bc4 {[%clk 1:32:08]} e5
{[%clk 1:26:02]} 8. dxe5 {[%clk 1:31:55]} Nxe5 {[%clk 1:22:45]} 9. Nxe5
{[%clk 1:31:16]} dxe5 {[%clk 1:23:09]} 10. O-O {[%clk 1:31:18]} Qe7
{[%clk 1:21:42]} 11. Qe2 {[%clk 1:29:26]} Be6 {[%clk 1:21:17]} 12. Rad1
{[%clk 1:17:58]} Rad8 {[%clk 1:16:25]} 13. Bxf6 {[%clk 1:06:57]} Qxf6
{[%clk 1:13:20]} 14. Bxe6 {[%clk 1:04:46]} Qxe6 {[%clk 1:13:33]} 15. Qc4
{[%clk 1:03:53]} Qxc4 {[%clk 1:11:23]} 16. Nxc4 {[%clk 1:03:49]} b6
{[%clk 1:10:44]} 17. Ne3 {[%clk 0:59:30]} c6 {[%clk 1:05:41]} 18. f3
{[%clk 0:54:19]} Rfe8 {[%clk 1:02:37]} 19. Kf2 {[%clk 0:52:28]} Kf8
{[%clk 1:00:06]} 20. Ke2 {[%clk 0:51:04]} Ke7 {[%clk 0:58:59]} 21. a4
{[%clk 0:49:27]} Rxd1 {[%clk 0:50:20]} 22. Rxd1 {[%clk 0:49:23]} Rd8
{[%clk 0:48:47]} 23. Rxd8 {[%clk 0:48:26]} Kxd8 {[%clk 0:47:50]} 24. Kd3
{[%clk 0:47:35]} Kc7 {[%clk 0:43:25]} 25. b4 {[%clk 0:46:38]} h5 {[%clk 0:40:49]}
26. g4 {[%clk 0:42:57]} h4 {[%clk 0:17:17]} 27. h3 {[%clk 0:43:11]} Bh6
{[%clk 0:17:07]} 28. Nc2 {[%clk 0:42:40]} b5 {[%clk 0:09:09]} 29. a5
{[%clk 0:36:52]} Bf8 {[%clk 0:05:06]} 30. Ke3 {[%clk 0:35:55]} 1/2-1/2

[Event "EYCC 2024 - O10"]
[Site "?"]
[Date "2024.08.29"]
[Round "7.3"]
[White "Szakolczai, Alex"]
[Black "Orman, Attila"]
[Result "0-1"]
[BlackElo "2090"]
[WhiteElo "1962"]
[LiveChessVersion "1.4.8"]

1. d4 {[%clk 1:30:58]} Nf6 2. c4 {[%clk 1:31:23]} g6 {[%clk 1:31:24]} 3. Nc3
{[%clk 1:31:49]} Bg7 {[%clk 1:31:49]} 4. e4 {[%clk 1:32:14]} d6 {[%clk 1:28:11]}
5. f3 {[%clk 1:32:39]} O-O {[%clk 1:28:34]} 6. Be3 {[%clk 1:33:05]} e5
{[%clk 1:29:00]} 7. d5 {[%clk 1:33:27]} Nh5 {[%clk 1:29:25]} 8. Nge2
{[%clk 1:25:19]} f5 {[%clk 1:19:29]} 9. exf5 {[%clk 1:22:53]} gxf5
{[%clk 1:19:19]} 10. Qd2 {[%clk 1:22:54]} Nd7 {[%clk 1:18:12]} 11. O-O-O
{[%clk 1:23:00]} Ndf6 {[%clk 1:18:22]} 12. Bg5 {[%clk 1:22:03]} Qe8
{[%clk 1:16:55]} 13. Ng3 {[%clk 1:18:31]} Qg6 {[%clk 1:13:32]} 14. Bd3
{[%clk 1:15:30]} Bd7 {[%clk 0:54:15]} 15. Kb1 {[%clk 1:12:30]} Rae8
{[%clk 0:46:13]} 16. Rde1 {[%clk 1:12:40]} c6 {[%clk 0:36:50]} 17. Bc2
{[%clk 1:05:30]} cxd5 {[%clk 0:35:05]} 18. cxd5 {[%clk 1:05:26]} b5
{[%clk 0:35:26]} 19. a3 {[%clk 0:59:00]} a5 {[%clk 0:28:17]} 20. Nd1
{[%clk 0:57:33]} b4 {[%clk 0:27:56]} 21. axb4 {[%clk 0:57:32]} axb4 22. Bxf6
{[%clk 0:56:07]} Nxf6 {[%clk 0:27:32]} 23. Qxb4 {[%clk 0:55:35]} Nxd5
{[%clk 0:27:20]} 24. Bb3 {[%clk 0:55:18]} Be6 {[%clk 0:26:36]} 25. Qxd6
{[%clk 0:55:23]} Rd8 {[%clk 0:26:56]} 26. Qa6 {[%clk 0:49:43]} Ra8
{[%clk 0:26:53]} 27. Qe2 {[%clk 0:48:00]} Nf4 {[%clk 0:26:20]} 28. Qc2
{[%clk 0:48:03]} Rfb8 {[%clk 0:26:21]} 29. Bxe6+ {[%clk 0:48:10]} Qxe6
{[%clk 0:26:40]} 30. Nc3 {[%clk 0:48:33]} Qa6 {[%clk 0:26:41]} 31. Kc1
{[%clk 0:44:17]} Nd3+ {[%clk 0:26:37]} 32. Kd1 {[%clk 0:44:23]} Rxb2
{[%clk 0:26:55]} 33. Qxb2 {[%clk 0:43:22]} Nxb2+ {[%clk 0:27:14]} 34. Kc2
{[%clk 0:43:46]} Qd3+ {[%clk 0:27:41]} 0-1

[Event "EYCC 2024 - O10"]
[Site "?"]
[Date "2024.08.29"]
[Round "7.4"]
[White "Andre, Tomas"]
[Black "Larion, Iustin"]
[Result "1/2-1/2"]
[BlackElo "1902"]
[WhiteElo "2051"]
[LiveChessVersion "1.4.8"]

1. e4 {[%clk 1:30:34]} c6 {[%clk 1:30:50]} 2. c4 {[%clk 1:31:02]} d5
{[%clk 1:30:56]} 3. exd5 {[%clk 1:30:47]} cxd5 {[%clk 1:31:13]} 4. cxd5
{[%clk 1:30:28]} Nf6 {[%clk 1:31:27]} 5. Nc3 {[%clk 1:29:46]} Nxd5
{[%clk 1:31:21]} 6. Nf3 {[%clk 1:29:02]} e6 {[%clk 1:31:24]} 7. d4
{[%clk 1:28:34]} Nxc3 {[%clk 1:31:15]} 8. bxc3 {[%clk 1:28:53]} Qc7
{[%clk 1:31:35]} 9. Bd2 {[%clk 1:28:26]} Bd6 {[%clk 1:30:55]} 10. Bd3
{[%clk 1:27:24]} Nd7 {[%clk 1:30:58]} 11. O-O {[%clk 1:26:34]} b6
{[%clk 1:25:20]} 12. c4 {[%clk 1:16:11]} Bb7 {[%clk 1:23:33]} 13. Bc3
{[%clk 1:13:24]} Bxf3 {[%clk 1:05:20]} 14. Qxf3 {[%clk 1:13:49]} O-O
{[%clk 1:04:45]} 15. h3 {[%clk 1:13:29]} Rac8 {[%clk 0:54:10]} 16. Rfe1
{[%clk 1:11:39]} Qc6 {[%clk 0:46:26]} 17. Qg4 {[%clk 1:06:33]} Nf6
{[%clk 0:43:58]} 18. Qh4 {[%clk 1:05:48]} h6 {[%clk 0:39:34]} 19. d5
{[%clk 1:04:38]} Nxd5 {[%clk 0:37:28]} 20. cxd5 {[%clk 0:57:33]} Qxc3
{[%clk 0:37:56]} 21. Qe4 {[%clk 0:57:38]} g6 {[%clk 0:32:19]} 22. dxe6
{[%clk 0:57:50]} f5 {[%clk 0:32:43]} 23. Qe3 {[%clk 0:54:48]} Be7
{[%clk 0:28:02]} 24. Qxh6 {[%clk 0:52:27]} Qg7 {[%clk 0:25:42]} 25. Qxg7+
{[%clk 0:44:46]} Kxg7 {[%clk 0:26:10]} 26. Rad1 {[%clk 0:44:48]} Rfd8
{[%clk 0:24:26]} 27. g4 {[%clk 0:35:49]} fxg4 {[%clk 0:23:42]} 28. hxg4
{[%clk 0:36:17]} Rd4 {[%clk 0:22:16]} 29. Be4 {[%clk 0:36:10]} Rxd1
{[%clk 0:16:45]} 30. Rxd1 {[%clk 0:36:36]} Kf6 {[%clk 0:16:41]} 31. Rd7
{[%clk 0:35:08]} Kxe6 {[%clk 0:15:11]} 32. Rxa7 {[%clk 0:35:24]} Rc4
{[%clk 0:14:28]} 33. f3 {[%clk 0:35:21]} g5 {[%clk 0:12:33]} 34. Bd5+
{[%clk 0:33:20]} Kxd5 {[%clk 0:12:47]} 35. Rxe7 {[%clk 0:33:47]} Kd6
{[%clk 0:09:14]} 36. Rg7 {[%clk 0:33:10]} Rc5 {[%clk 0:09:28]} 37. Rg6+
{[%clk 0:33:35]} Ke7 {[%clk 0:09:44]} 38. Rxb6 {[%clk 0:33:05]} Rc1+
{[%clk 0:10:12]} 39. Kf2 {[%clk 0:33:26]} Rc2+ {[%clk 0:10:31]} 40. Ke3
{[%clk 0:33:29]} Rxa2 {[%clk 0:10:47]} 41. Ke4 {[%clk 0:32:47]} Ra5
{[%clk 0:11:05]} 42. Rb4 {[%clk 0:32:09]} Ke6 {[%clk 0:10:53]} 43. f4
{[%clk 0:32:15]} gxf4 {[%clk 0:10:46]} 44. Rb6+ {[%clk 0:32:37]} Kf7
{[%clk 0:11:02]} 45. Kxf4 {[%clk 0:32:59]} Ra7 {[%clk 0:10:53]} 46. Kg5
{[%clk 0:33:04]} Kg7 {[%clk 0:11:17]} 47. Kh5 {[%clk 0:32:33]} Rc7
{[%clk 0:11:19]} 48. g5 {[%clk 0:32:39]} Ra7 {[%clk 0:11:03]} 49. Rb5
{[%clk 0:32:19]} Rc7 {[%clk 0:11:14]} 50. g6 {[%clk 0:32:42]} Ra7
{[%clk 0:11:09]} 51. Kg5 {[%clk 0:32:57]} Rc7 {[%clk 0:11:25]} 52. Ra5
{[%clk 0:32:39]} Rb7 {[%clk 0:11:39]} 53. Kf5 {[%clk 0:32:59]} 1/2-1/2

[Event "EYCC 2024 - O10"]
[Site "?"]
[Date "2024.08.29"]
[Round "7.5"]
[White "Ivanovic, Leonid"]
[Black "Zhang, Yiming"]
[Result "1-0"]
[BlackElo "1810"]
[WhiteElo "2006"]
[LiveChessVersion "1.4.8"]

1. d4 {[%clk 1:30:34]} Nf6 {[%clk 1:30:56]} 2. c4 {[%clk 1:30:47]} e6
{[%clk 1:31:21]} 3. Nf3 {[%clk 1:30:54]} d5 {[%clk 1:31:44]} 4. Nc3
{[%clk 1:30:28]} Bb4 {[%clk 1:31:37]} 5. Bg5 {[%clk 1:29:46]} h6 {[%clk 1:31:49]}
6. Bxf6 {[%clk 1:29:05]} Qxf6 {[%clk 1:32:08]} 7. a3 {[%clk 1:28:34]} Bxc3+
{[%clk 1:31:42]} 8. bxc3 {[%clk 1:28:54]} O-O {[%clk 1:31:23]} 9. e3
{[%clk 1:26:43]} c5 {[%clk 1:26:23]} 10. cxd5 {[%clk 1:22:03]} exd5
{[%clk 1:26:45]} 11. Be2 {[%clk 1:22:19]} Nc6 {[%clk 1:25:44]} 12. O-O
{[%clk 1:19:53]} cxd4 {[%clk 1:20:58]} 13. cxd4 {[%clk 1:20:10]} b6
{[%clk 1:19:00]} 14. Rc1 {[%clk 1:18:44]} Bb7 {[%clk 1:19:24]} 15. Qa4
{[%clk 1:17:34]} Rac8 {[%clk 1:18:05]} 16. Rc2 {[%clk 1:12:37]} Rc7
{[%clk 1:10:36]} 17. Rfc1 {[%clk 1:07:24]} Rfc8 {[%clk 1:10:49]} 18. Ne5
{[%clk 1:05:05]} a6 {[%clk 0:57:43]} 19. Bxa6 {[%clk 0:37:39]} Ra8
{[%clk 0:56:05]} 20. Rxc6 {[%clk 0:37:27]} Rxc6 21. Rxc6 {[%clk 0:37:16]} Bxc6
{[%clk 0:40:10]} 22. Nxc6 {[%clk 0:37:39]} Rxa6 {[%clk 0:40:31]} 23. Qxa6
{[%clk 0:37:58]} Qxc6 {[%clk 0:40:56]} 24. g3 {[%clk 0:35:43]} Kf8
{[%clk 0:40:24]} 25. a4 {[%clk 0:33:29]} Qe6 {[%clk 0:38:26]} 26. Qa8+
{[%clk 0:32:25]} Ke7 {[%clk 0:38:15]} 27. Qb7+ {[%clk 0:32:47]} Kf6
{[%clk 0:36:38]} 28. Qc7 {[%clk 0:27:26]} Kg6 {[%clk 0:36:49]} 29. Kf1
{[%clk 0:26:00]} Kh7 {[%clk 0:35:53]} 30. Ke1 {[%clk 0:23:35]} g6
{[%clk 0:35:35]} 31. h4 h5 {[%clk 0:33:23]} 32. Kd2 {[%clk 0:17:27]} Kg8
{[%clk 0:33:13]} 33. Kc3 {[%clk 0:14:45]} Qf5 {[%clk 0:31:45]} 34. Qxb6
{[%clk 0:09:17]} Qxf2 {[%clk 0:31:50]} 35. Qb8+ {[%clk 0:09:39]} Kh7
{[%clk 0:32:17]} 36. Qf4 {[%clk 0:09:58]} Qe1+ {[%clk 0:32:39]} 37. Kb3
{[%clk 0:09:20]} Qb1+ {[%clk 0:32:27]} 38. Ka3 {[%clk 0:09:44]} Kg8
{[%clk 0:32:46]} 39. Qd6 {[%clk 0:07:04]} Qc1+ {[%clk 0:30:31]} 40. Kb4
{[%clk 0:06:11]} Qxe3 41. Qd8+ {[%clk 0:06:35]} Kg7 {[%clk 0:27:32]} 42. Qxd5
{[%clk 0:06:35]} Qxg3 {[%clk 0:27:56]} 43. a5 {[%clk 0:06:10]} Qe1+
{[%clk 0:24:26]} 44. Kb5 {[%clk 0:06:26]} Qb1+ {[%clk 0:24:29]} 45. Ka6
{[%clk 0:05:58]} Qd3+ {[%clk 0:24:41]} 46. Ka7 {[%clk 0:06:09]} f5
{[%clk 0:24:20]} 47. a6 {[%clk 0:05:43]} Kh7 {[%clk 0:22:52]} 48. Kb7
{[%clk 0:03:08]} Qb1+ {[%clk 0:22:17]} 49. Kc8 {[%clk 0:02:52]} Qa1
{[%clk 0:21:57]} 50. Qb7+ {[%clk 0:02:29]} Kh6 {[%clk 0:22:23]} 51. a7
{[%clk 0:02:42]} Qc3+ {[%clk 0:23:00]} 52. Kb8 {[%clk 0:02:31]} Qg3+
{[%clk 0:23:20]} 53. Kc8 Qc3+ 54. Qc7 {[%clk 0:02:47]} Qa3 {[%clk 0:22:15]} 55.
Qc5 {[%clk 0:02:15]} Qf3 56. d5 1-0

[Event "EYCC 2024 - O10"]
[Site "?"]
[Date "2024.08.29"]
[Round "7.6"]
[White "Kolodziejczyk, Boris"]
[Black "Chkhartishvili, Lazare"]
[Result "1-0"]
[BlackElo "1610"]
[WhiteElo "1983"]
[LiveChessVersion "1.4.8"]

1. e4 {[%clk 1:30:59]} c5 {[%clk 1:29:57]} 2. Nf3 {[%clk 1:31:16]} Nc6
{[%clk 1:30:17]} 3. Bb5 {[%clk 1:31:34]} e6 {[%clk 1:30:40]} 4. Bxc6
{[%clk 1:31:40]} bxc6 5. b3 {[%clk 1:31:13]} d5 {[%clk 1:15:32]} 6. d3
{[%clk 1:21:35]} Be7 {[%clk 1:13:44]} 7. O-O {[%clk 1:20:18]} Nf6
{[%clk 1:13:48]} 8. e5 {[%clk 1:14:34]} Nd7 {[%clk 1:13:19]} 9. c4
{[%clk 1:14:28]} O-O {[%clk 1:12:37]} 10. Bb2 {[%clk 1:11:44]} f6
{[%clk 0:52:02]} 11. exf6 {[%clk 1:07:03]} Bxf6 {[%clk 0:52:20]} 12. Qe2
{[%clk 1:06:45]} Bxb2 {[%clk 0:50:48]} 13. Qxb2 {[%clk 1:06:45]} Qf6
{[%clk 0:41:15]} 14. Nc3 {[%clk 1:04:07]} Bb7 {[%clk 0:22:19]} 15. Rfe1
{[%clk 0:55:23]} Rae8 {[%clk 0:21:10]} 16. Na4 {[%clk 0:51:18]} Qxb2
{[%clk 0:18:16]} 17. Nxb2 {[%clk 0:51:47]} e5 {[%clk 0:18:33]} 18. Na4
{[%clk 0:51:15]} Rf5 {[%clk 0:16:25]} 19. Rac1 {[%clk 0:48:17]} Rc8
{[%clk 0:16:24]} 20. Rc2 {[%clk 0:47:03]} Kf7 {[%clk 0:12:13]} 21. Rec1
{[%clk 0:44:34]} Ke6 {[%clk 0:00:59]} 22. cxd5+ {[%clk 0:44:47]} cxd5
{[%clk 0:01:24]} 23. Nxc5+ {[%clk 0:44:41]} Nxc5 {[%clk 0:01:43]} 24. Rxc5
{[%clk 0:45:10]} Rxc5 {[%clk 0:02:02]} 25. Rxc5 {[%clk 0:45:39]} Kd6
{[%clk 0:02:22]} 26. b4 {[%clk 0:44:04]} Rf4 {[%clk 0:02:13]} 27. a3
{[%clk 0:43:33]} h6 {[%clk 0:00:57]} 28. Ra5 {[%clk 0:35:50]} a6 {[%clk 0:01:06]}
29. Kf1 {[%clk 0:34:57]} e4 {[%clk 0:00:45]} 30. dxe4 {[%clk 0:33:09]} dxe4
{[%clk 0:01:07]} 31. Nd4 {[%clk 0:33:21]} g6 {[%clk 0:00:50]} 32. Ke2
{[%clk 0:33:01]} Rf8 {[%clk 0:00:41]} 33. Rc5 {[%clk 0:32:46]} h5
{[%clk 0:00:38]} 34. Ke3 {[%clk 0:32:57]} Rf7 {[%clk 0:00:47]} 35. Rg5
{[%clk 0:31:50]} Rf6 {[%clk 0:01:01]} 36. Nb3 {[%clk 0:32:03]} Bd5
{[%clk 0:00:35]} 37. Nc5 {[%clk 0:32:08]} a5 {[%clk 0:00:37]} 38. Nxe4+
{[%clk 0:32:16]} Bxe4 {[%clk 0:01:03]} 39. Kxe4 {[%clk 0:32:42]} Re6+
{[%clk 0:01:29]} 40. Kd4 {[%clk 0:32:32]} axb4 {[%clk 0:01:52]} 41. axb4
{[%clk 0:32:55]} Rf6 {[%clk 0:02:07]} 42. g3 {[%clk 0:32:53]} Re6
{[%clk 0:02:14]} 43. f4 {[%clk 0:33:11]} Rf6 {[%clk 0:01:56]} 44. Ra5
{[%clk 0:33:34]} Ke7 {[%clk 0:01:53]} 45. Ra7+ {[%clk 0:33:58]} Kf8
{[%clk 0:02:08]} 46. b5 {[%clk 0:34:06]} h4 {[%clk 0:02:31]} 47. Ra6
{[%clk 0:34:19]} Rf7 {[%clk 0:02:29]} 48. Rxg6 {[%clk 0:34:40]} hxg3
{[%clk 0:02:48]} 49. hxg3 {[%clk 0:35:09]} Rb7 {[%clk 0:03:04]} 50. b6
{[%clk 0:35:34]} Kf7 {[%clk 0:03:26]} 51. Rh6 {[%clk 0:35:56]} Kg7
{[%clk 0:03:48]} 52. Rc6 {[%clk 0:36:25]} Rb8 {[%clk 0:04:09]} 53. Kc5
{[%clk 0:36:49]} Re8 {[%clk 0:04:27]} 54. b7 {[%clk 0:37:11]} Rb8
{[%clk 0:04:32]} 55. Kb6 {[%clk 0:37:33]} 1-0

[Event "EYCC 2024 - O10"]
[Site "?"]
[Date "2024.08.29"]
[Round "7.7"]
[White "Zhang, Junyi"]
[Black "Czech, Emil"]
[Result "1-0"]
[BlackElo "1588"]
[WhiteElo "1936"]
[LiveChessVersion "1.4.8"]

1. e4 {[%clk 1:30:59]} e6 {[%clk 1:30:51]} 2. d4 {[%clk 1:31:02]} d5
{[%clk 1:31:12]} 3. e5 {[%clk 1:31:24]} c5 {[%clk 1:31:32]} 4. c3
{[%clk 1:31:51]} Nc6 {[%clk 1:31:52]} 5. Nf3 {[%clk 1:32:11]} Qb6
{[%clk 1:32:04]} 6. a3 {[%clk 1:32:34]} Nh6 {[%clk 1:31:50]} 7. Bd3
{[%clk 1:31:23]} Bd7 {[%clk 1:31:17]} 8. Bc2 {[%clk 1:30:55]} Rc8
{[%clk 1:30:41]} 9. O-O {[%clk 1:29:38]} g6 {[%clk 1:13:15]} 10. dxc5
{[%clk 1:27:06]} Qxc5 {[%clk 1:13:11]} 11. Be3 {[%clk 1:27:09]} Qa5
{[%clk 1:13:31]} 12. h3 {[%clk 1:26:40]} Nf5 {[%clk 1:11:24]} 13. Bxf5
{[%clk 1:25:04]} gxf5 {[%clk 1:11:01]} 14. Nbd2 {[%clk 1:12:33]} Bg7
{[%clk 0:57:04]} 15. Bf4 {[%clk 1:12:10]} Ne7 {[%clk 0:52:36]} 16. Re1
{[%clk 0:59:55]} Ba4 17. Qb1 {[%clk 0:44:06]} Ng6 {[%clk 0:44:07]} 18. Bh2
{[%clk 0:43:39]} O-O {[%clk 0:31:29]} 19. Nd4 {[%clk 0:35:24]} f4
{[%clk 0:29:38]} 20. N2f3 Qc7 21. h4 {[%clk 0:27:41]} h6 {[%clk 0:25:03]} 22.
Nxe6 {[%clk 0:23:35]} fxe6 {[%clk 0:23:55]} 23. Qxg6 {[%clk 0:24:00]} Qf7
{[%clk 0:23:10]} 24. Qg4 {[%clk 0:17:48]} Rc6 {[%clk 0:19:36]} 25. Rac1
{[%clk 0:02:54]} Rb6 {[%clk 0:12:14]} 26. Nd4 {[%clk 0:02:20]} h5
{[%clk 0:09:44]} 27. Qh3 {[%clk 0:01:32]} Bh6 {[%clk 0:06:50]} 28. b3
{[%clk 0:00:57]} Bd7 {[%clk 0:03:18]} 29. Qf3 {[%clk 0:01:12]} Qg6
{[%clk 0:02:07]} 30. Kh1 {[%clk 0:00:45]} Qg4 {[%clk 0:01:34]} 31. Qd3
{[%clk 0:00:35]} f3 {[%clk 0:00:59]} 32. gxf3 {[%clk 0:00:57]} Qxh4
{[%clk 0:01:21]} 33. Rg1+ {[%clk 0:00:55]} Bg7 {[%clk 0:01:16]} 34. Rg2
{[%clk 0:00:46]} Rf7 {[%clk 0:00:51]} 35. Rcg1 {[%clk 0:01:04]} Qe7
{[%clk 0:01:00]} 36. a4 {[%clk 0:01:04]} a5 {[%clk 0:01:03]} 37. Rg5
{[%clk 0:01:13]} Kf8 {[%clk 0:00:38]} 38. Qh7 {[%clk 0:01:18]} Ke8
{[%clk 0:00:43]} 39. Rxg7 {[%clk 0:01:38]} 1-0

[Event "EYCC 2024 - O10"]
[Site "?"]
[Date "2024.08.29"]
[Round "7.8"]
[White "Koyunoglu, Omer Alp"]
[Black "Pasula, Milos"]
[Result "1-0"]
[BlackElo "1974"]
[WhiteElo "1767"]
[LiveChessVersion "1.4.8"]

1. e4 {[%clk 1:30:15]} c6 {[%clk 1:30:24]} 2. d4 {[%clk 1:30:30]} d5
{[%clk 1:30:49]} 3. Nc3 {[%clk 1:30:50]} dxe4 {[%clk 1:31:11]} 4. Nxe4
{[%clk 1:31:10]} Bf5 {[%clk 1:31:31]} 5. Ng3 {[%clk 1:29:30]} Bg6
{[%clk 1:31:50]} 6. h4 {[%clk 1:29:17]} h6 {[%clk 1:32:11]} 7. Nf3
{[%clk 1:29:18]} Nd7 {[%clk 1:32:33]} 8. h5 {[%clk 1:29:04]} Bh7 {[%clk 1:33:00]}
9. Bd3 {[%clk 1:29:27]} Bxd3 {[%clk 1:33:11]} 10. Qxd3 {[%clk 1:29:50]} e6
{[%clk 1:33:07]} 11. Bd2 {[%clk 1:29:59]} Ngf6 {[%clk 1:32:23]} 12. O-O-O
{[%clk 1:28:54]} Be7 {[%clk 1:32:24]} 13. Kb1 {[%clk 1:27:40]} Qb6
{[%clk 1:32:26]} 14. Nh4 {[%clk 1:22:25]} Rd8 {[%clk 1:28:18]} 15. Rhe1
{[%clk 0:54:46]} Ng4 {[%clk 1:19:56]} 16. Qf3 {[%clk 0:32:33]} Nxf2
{[%clk 1:09:49]} 17. Nhf5 {[%clk 0:17:59]} Nxd1 {[%clk 1:08:26]} 18. Nxg7+
{[%clk 0:18:19]} Kf8 {[%clk 1:08:51]} 19. Nxe6+ {[%clk 0:18:31]} Kg8
{[%clk 1:09:10]} 20. Qg4+ {[%clk 0:15:06]} Bg5 {[%clk 1:09:33]} 21. Rxd1
{[%clk 0:15:13]} Nf6 {[%clk 1:02:17]} 22. Qf3 {[%clk 0:13:55]} Rd6
{[%clk 0:48:12]} 23. Nxg5 {[%clk 0:05:51]} hxg5 {[%clk 0:48:23]} 24. Bxg5
{[%clk 0:05:52]} Nd7 {[%clk 0:47:23]} 25. Nf5 {[%clk 0:04:37]} Re6
{[%clk 0:46:53]} 26. Ne7+ {[%clk 0:04:36]} Kg7 {[%clk 0:46:26]} 27. Qg4
{[%clk 0:02:32]} Qb5 {[%clk 0:42:36]} 28. d5 {[%clk 0:01:04]} cxd5
{[%clk 0:23:37]} 29. Bh6+ {[%clk 0:01:06]} Kxh6 {[%clk 0:20:35]} 30. Nf5+
{[%clk 0:01:25]} 1-0

[Event "EYCC 2024 - O10"]
[Site "?"]
[Date "2024.08.29"]
[Round "7.9"]
[White "Dayal, Samar"]
[Black "Lishoy Gengis Paratazham, Dildarav"]
[Result "1-0"]
[BlackElo "1962"]
[WhiteElo "1721"]
[LiveChessVersion "1.4.8"]

1. e4 {[%clk 1:30:58]} d6 {[%clk 1:30:56]} 2. d4 {[%clk 1:31:25]} Nf6
{[%clk 1:31:24]} 3. Bd3 {[%clk 1:31:54]} Nbd7 {[%clk 1:31:41]} 4. f4
{[%clk 1:32:13]} e5 {[%clk 1:29:50]} 5. c3 {[%clk 1:23:36]} c6 {[%clk 1:28:07]}
6. Nf3 {[%clk 1:22:24]} Qc7 {[%clk 1:25:03]} 7. O-O {[%clk 1:22:12]} Be7
{[%clk 1:24:46]} 8. Kh1 {[%clk 1:20:52]} O-O {[%clk 1:20:58]} 9. fxe5
{[%clk 1:12:47]} dxe5 {[%clk 1:20:58]} 10. a4 {[%clk 1:13:15]} h6
{[%clk 1:10:42]} 11. Nbd2 {[%clk 1:09:58]} Bd6 {[%clk 0:59:45]} 12. Nc4
{[%clk 1:06:17]} Re8 {[%clk 0:59:34]} 13. Bc2 {[%clk 0:47:49]} exd4
{[%clk 0:51:11]} 14. Nxd6 {[%clk 0:47:57]} Qxd6 {[%clk 0:50:09]} 15. e5
{[%clk 0:48:26]} Nxe5 {[%clk 0:46:27]} 16. Bf4 {[%clk 0:48:53]} d3
{[%clk 0:45:49]} 17. Nxe5 {[%clk 0:46:38]} Rxe5 {[%clk 0:45:02]} 18. Bxe5
{[%clk 0:46:58]} Qxe5 {[%clk 0:45:30]} 19. Qxd3 {[%clk 0:47:26]} Be6
{[%clk 0:45:17]} 20. Rxf6 {[%clk 0:47:38]} gxf6 {[%clk 0:44:28]} 21. Qh7+
{[%clk 0:48:06]} Kf8 {[%clk 0:44:56]} 22. Qh8+ {[%clk 0:48:36]} Ke7
{[%clk 0:45:26]} 23. Qxa8 {[%clk 0:49:04]} Qe2 {[%clk 0:45:55]} 24. Qxb7+
{[%clk 0:49:16]} Kf8 {[%clk 0:46:14]} 25. Qb4+ {[%clk 0:49:36]} Kg7
{[%clk 0:46:35]} 26. Qe4 {[%clk 0:49:57]} Qf2 {[%clk 0:46:16]} 27. Qd3
{[%clk 0:49:12]} Qc5 {[%clk 0:45:49]} 28. Rf1 {[%clk 0:49:29]} Qe5
{[%clk 0:45:04]} 29. Qg3+ {[%clk 0:49:56]} Qxg3 {[%clk 0:45:32]} 30. hxg3
{[%clk 0:50:23]} a5 {[%clk 0:45:45]} 31. b4 axb4 {[%clk 0:46:00]} 32. cxb4
{[%clk 0:51:21]} Bc4 {[%clk 0:46:24]} 33. Rf5 {[%clk 0:51:41]} Ba6
{[%clk 0:46:30]} 34. Be4 {[%clk 0:52:02]} Bb7 {[%clk 0:46:48]} 35. Rc5
{[%clk 0:52:18]} Kf8 {[%clk 0:47:13]} 36. Bxc6 {[%clk 0:52:46]} Ba6
{[%clk 0:47:39]} 37. b5 {[%clk 0:53:13]} Bc8 {[%clk 0:48:04]} 38. b6
{[%clk 0:53:38]} Ba6 {[%clk 0:48:34]} 39. Bb5 {[%clk 0:54:01]} Bb7
{[%clk 0:48:57]} 40. Rc7 {[%clk 0:54:26]} Bd5 {[%clk 0:49:22]} 41. Bc6
{[%clk 0:54:52]} Bxc6 {[%clk 0:49:46]} 42. Rxc6 Ke7 {[%clk 0:50:05]} 43. b7
{[%clk 0:55:51]} Kd7 {[%clk 0:50:34]} 44. Rc4 {[%clk 0:56:11]} Kd6
{[%clk 0:50:53]} 45. b8=Q+ {[%clk 0:56:37]} Kd5 {[%clk 0:51:13]} 46. Qf4
{[%clk 0:56:53]} f5 {[%clk 0:51:35]} 47. Rd4+ {[%clk 0:56:53]} Kc6
{[%clk 0:52:05]} 48. Qd6+ {[%clk 0:56:51]} Kb7 {[%clk 0:52:28]} 49. Rb4+
{[%clk 0:57:11]} Ka7 50. Qb6+ {[%clk 0:57:38]} Ka8 {[%clk 0:53:20]} 51. Qa5#
{[%clk 0:58:03]} 1-0